| 000 | 00522cam a2200181 a 4500 | ||
|---|---|---|---|
| 020 | _a0078816882 : | ||
| 040 | _cDLC | ||
| 082 | 0 | 0 | _a005 OSB 1992 A002 Or. |
| 100 | 1 | _aJones, Edward, | |
| 245 | 1 | 0 | _aFoxPro 2, the complete reference / |
| 260 |
_aBerkeley [Calif.] : _bOsborne McGraw-Hill, _cc1992. |
||
| 300 |
_axxvii, 819 p. : _bill. ; _c24 cm. |
||
| 500 | _a"Covers versions 1.0, 1.01, 1.02 & 2.0"--Cover. | ||
| 500 | _aIncludes index. | ||
| 650 | 0 | _aDatabase management. | |
| 700 | 1 | _aNesbitt, David. | |
| 942 | _cEK | ||
| 999 |
_c16493 _d16493 |
||